2017/18 Los Angeles Lakers Roster - Statistics

General Stats
  • This quiz has been taken 140 times
  • The average score is 7 of 15
Answer Stats
Position Player % Correct
G Lonzo Ball
90%
F Brandon Ingram
83%
F Julius Randle
77%
C Brook Lopez
64%
F Kyle Kuzma
60%
G Josh Hart
50%
G Jordan Clarkson
48%
C Ivica Zubac
42%
F Larry Nance
39%
G Kentavious Caldwell-Pope
37%
C Thomas Bryant
37%
G Alex Caruso
32%
F Luol Deng
22%
G Corey Brewer
12%
C Thomas Robinson
5%
No matching quizzes found
Score Distribution
Percent of People with Each Score
Percentile by Number Answered
Your Score History
You have not taken this quiz